000 00518nam a2200217Ia 4500
003 OSt
005 20221005131308.0
006 a|||||r|||| 00| 0
007 ta
008 221004b |||||||| |||| 00| 0 san d
024 _a65001
037 _cTextual
040 _aCRL
_cCRL
_bsan
041 _2san
_asan
082 _aB9, 15G5
100 _aKamlakar Au.
_9639386
245 0 _aSihantatve vivake
260 _c1935
942 _hB9, 15G5
_cTEXL
_2cc
999 _c1059891
_d1059891